Digitálna ekonomika v kontexte procesov zdaňovania v legislatívnych podmienkach SR a EÚ

Príspevok je zameraný na problematiku digitálnej ekonomiky v kontexte procesov zdaňovania v legislatívnych podmienkach SR a EÚ. Poukazuje na jednotlivé problémy súvisiace so zdaňovaním digitálnej ekonomiky z pohľadu SR, ako aj z pohľadu EÚ.

Uložené v:
Podrobná bibliografia
Hlavný autor: Simonidesová, Jana, 1968-
Médium: Kapitola
Jazyk:Slovak
Predmet:
Tagy: Pridať tag
Žiadne tagy, Buďte prvý, kto otaguje tento záznam!

MARC

LEADER 00000naa$a2200000$$$4500
001 0289427
005 20240502074433.2
041 0 |a slo 
044 |a SK 
245 1 0 |a Digitálna ekonomika v kontexte procesov zdaňovania v legislatívnych podmienkach SR a EÚ  |c Jana Simonidesová 
520 |a Príspevok je zameraný na problematiku digitálnej ekonomiky v kontexte procesov zdaňovania v legislatívnych podmienkach SR a EÚ. Poukazuje na jednotlivé problémy súvisiace so zdaňovaním digitálnej ekonomiky z pohľadu SR, ako aj z pohľadu EÚ. 
610 2 0 |a dane 
610 2 0 |a legislatíva 
610 2 0 |a zdaňovanie 
610 2 0 |a reformy 
610 2 0 |a služby digitálne 
610 2 0 |a obdobie zdaňovacie 
610 2 0 |a Slovensko 
100 1 |a Simonidesová, Jana, 1968-